000 00395nam a2200133Ia 4500
008 231129s2001||||xx |||||||||||||| ||spa||
020 _a978-958-703-000-1
040 _bmul
082 _aR 423.61 D545p
245 0 _aDiccionario polifuncional español inglés inglés español.
260 _c2001
264 _aEditora Cultural Internacional
942 _2ddc
_cBKS
999 _c9494
_d9494